000 00254nam a22000977a 4500
999 _c12700
_d12700
082 _a297.64
100 _aProf: Mufti Mohammad Waseem Akram
245 _aSeerat Hazrat Sayadina Umer Farooque
260 _aPakistan
_bMushtaque Book Corner
_c2020
942 _cBK